000 00391nam a22001697a 4500
005 20160620103844.0
008 160620b xxu||||| |||| 00| 0 eng d
020 _a981-243-659-6
041 _aeng
082 _b8374
100 _aCarnall, Collen
_92163
245 _aThe Change Management Toolkil
260 _bthomson
_c2003
300 _a117
650 _aManagement
_9241
942 _cBK
999 _c3210
_d3209